000 00374nam a2200145 i 4500
001 bg
100 1 _aMALIS, A. J.
245 0 _aPnewmaticeskij transport dlja sypucich materialow /
_cA.J. Malis, M.G. Kastornych.
260 _aMoskwa,
_c1985.
700 1 _aKASTORNYCH, M. G.
040 _cBPK
041 _apol
942 _cKS
008 s pl f |000 0 pol
999 _c28429
_d28429
856 _uhttp://koha.tu.koszalin.pl/cgi-bin/koha/opac-detail.pl?biblionumber=28429
_yKatalog online BPK